00559nam a2200169 a 450000100100000000500170001000800410002704000250006808200140009310000330010724500540014026000540019430000280024850000420027650000420031850400290036000002548720210906150015.0110217s1991 dr a 000 0 spa d aDO-SdBNPbspacBNPHU axxxbJ91r1 aCastillo Juan, Pedro,d1950-10aReflexiones evangélicas /cPedro Juan Castillo. aSanto Domingo :bPublicaciones Castipayne,c1991. a117 p. :bil. ;c22 cm. aIncluye datos biográficos del autor aIncluye notas al pie de las páginas aBibliografía : p. 113-